Global office real estate review (Record no. 108690)

MARC details
000 -LEADER
fixed length control field 01332cad a22002415a 4500
001 - CONTROL NUMBER
control field L145088
008 - FIXED-LENGTH DATA ELEMENTS--GENERAL INFORMATION
fixed length control field 080905s2008 xxkbdo f s 000 0 eng d
035 ## - SYSTEM CONTROL NUMBER
System control number (Sirsi) u145088
041 0# - LANGUAGE CODE
Language code of text/sound track or separate title eng
050 04 - LIBRARY OF CONGRESS CALL NUMBER
Classification number 333.33 $2 18
110 2# - MAIN ENTRY--CORPORATE NAME
Corporate name or jurisdiction name as entry element Colliers International Property Consultants
9 (RLIN) 1881
245 00 - TITLE STATEMENT
Title Global office real estate review
Remainder of title midyear 2008
Medium [electronic resource]
260 ## - PUBLICATION, DISTRIBUTION, ETC.
Place of publication, distribution, etc. [S.l.]
Name of publisher, distributor, etc. Colliers
Date of publication, distribution, etc. 2008
490 #0 - SERIES STATEMENT
Series statement Colliers Global Office Real Estate Review
Volume/sequential designation 2008
520 ## - SUMMARY, ETC.
Summary, etc. Reveals that despite the global economic downturn, fundamental aspects of the office market remain stable and that developing countries continue to display strong demand for office space. Europe, the Middle East and Africa posted moderate growth figures, while Asia Pacific saw the regional vacancy figure increase. The North American market performed substantially worse, also posting a rise in vacancy figures and a general retreat in the face of the financial turmoil being experienced after the collapse of the subprime market.
521 2# - TARGET AUDIENCE NOTE
Target audience note Advanced
590 ## - LOCAL NOTE (RLIN)
Local note KA
650 24 - SUBJECT ADDED ENTRY--TOPICAL TERM
Topical term or geographic name entry element COLLIERS GLOBAL OFFICE REAL ESTATE REVIEW
651 #4 - SUBJECT ADDED ENTRY--GEOGRAPHIC NAME
Geographic name International
690 ## - LOCAL SUBJECT ADDED ENTRY--TOPICAL TERM (OCLC, RLIN)
Topical term or geographic name as entry element PROPERTY-COMMERCIAL PROPERTY-COMMERCIAL PROPERTY MARKET
856 40 - ELECTRONIC LOCATION AND ACCESS
Uniform Resource Identifier <a href="https://www.colliers.com">https://www.colliers.com</a>
Public note View the item free of charge at www.colliers.com...
942 ## - ADDED ENTRY ELEMENTS (KOHA)
Suppress in OPAC 0
Holdings
Withdrawn status Lost status Source of classification or shelving scheme Damaged status Not for loan Home library Current library Shelving location Date acquired Total Checkouts Full call number Barcode Date last seen Copy number Price effective from Koha item type
    Dewey Decimal Classification     Virtual Virtual Online 05/09/2008   ONLINE PUBLICATION 145088-1001 06/08/2019 1 06/08/2019 Book